000
00315nam a2200133Ia 4500
008
191201s2009 xx 000 0 und d
082
_a
005.133
_b
TED
100
_a
TENENBAUM, A
245
0
_a
Data Structures Using C
260
_a
N.Delhi
_b
Pearson
_c
2009
300
_a
656
650
_a
B.Tech(CSE)
942
_2
ddc
_c
BK
999
_c
4050
_d
4050